| 000 | 00345nam a2200109Ia 4500 | ||
|---|---|---|---|
| 008 | 171204s9999 xx 000 0 und d | ||
| 245 | _aIntegrated Imaging of the Earth: Theory and Applications | ||
| 245 | _cMax Moorkamp and Peter G. Leli?vre | ||
| 260 | _c2016 | ||
| 650 | _xEarth Science | ||
| 856 | _uhttp://down.ebook777.com/050/1118929055.pdf | ||
| 999 |
_c345488 _d345488 |
||